000 00558cam9a220019300 4500
001 tmp15924106
003 UPRA
005 20190821135201.0
008 951113s1976 xx eng u
035 _a(Sirsi) r49064
035 _a(UPRA)tmp15924106
040 _cUPRA
100 1 _aLittler, Peter.
_6A7095.1
245 1 0 _aEnglish for the office :
_ba guide to oral and written communication for commerce students and young office workers.
250 _a2nd.
260 _c1976.
949 _aHF5718
_wlcc
_i-61017
_mMAIN
_tBOOK
_lON-SHELF
004 49064
999 _c115919
_d115919